<?xml version="1.0" encoding="UTF-8"?>
<marc:record xmlns:marc="http://www.loc.gov/MARC21/slim">
   <marc:leader>00000nam a2200000 a 4500</marc:leader>
   <marc:datafield ind1="1" ind2=" " tag="100">
      <marc:subfield code="a">Lorenz, Evelyne</marc:subfield>
      <marc:subfield code="4">aut</marc:subfield>
      <marc:subfield code="e">Verfasser/-in</marc:subfield>
   </marc:datafield>
   <marc:datafield ind1=" " ind2=" " tag="653">
      <marc:subfield code="a">Geschichte</marc:subfield>
   </marc:datafield>
   <marc:datafield ind1=" " ind2=" " tag="653">
      <marc:subfield code="a">Burgenland &lt;Roman&gt;</marc:subfield>
   </marc:datafield>
   <marc:datafield ind1="0" ind2="0" tag="245">
      <marc:subfield code="a">Das neunte Land</marc:subfield>
   </marc:datafield>
   <marc:datafield ind1="0" ind2="0" tag="245">
      <marc:subfield code="b">ein Generationenroman zum 100-Jahr-Jubiläum des Burgenlandes</marc:subfield>
   </marc:datafield>
   <marc:datafield ind1="0" ind2="0" tag="245">
      <marc:subfield code="c">Evelyne Lorenz</marc:subfield>
   </marc:datafield>
   <marc:datafield ind1=" " ind2="1" tag="264">
      <marc:subfield code="a">Graz</marc:subfield>
      <marc:subfield code="b">Keiper</marc:subfield>
      <marc:subfield code="c">2020</marc:subfield>
   </marc:datafield>
   <marc:datafield ind1=" " ind2=" " tag="250">
      <marc:subfield code="a">1. Aufl.</marc:subfield>
   </marc:datafield>
   <marc:datafield ind1="1" ind2=" " tag="520">
      <marc:subfield code="a">Der Roman erzählt vor dem Hintergrund der hundertjährigen Geschichte des Burgenlandes über drei Generationen vom Leben der Familie Martin: 1924 erwirbt der junge Johann Martin eine Mühle an der Feistritz und gründet mit der Bauerntochter Elisabeth eine Familie. Eng verbunden mit seiner Heimat, versucht er mit Fleiß und handwerklichem Können, seiner Familie und den auf seinem Hof lebenden Mühlenarbeitern eine sichere Zukunft zu gewährleisten.&lt;br/&gt;Als nach dem Ende des Zweiten Weltkrieges die Demarkationslinie direkt hinter seiner Mühle verläuft, begegnet er den russischen Besatzungssoldaten mit Würde und Respekt. Sein Leben ist gekennzeichnet von Schicksalsschlägen und außergewöhnlichen Ereignissen. Dreimal wird er zum Witwer. Er beugt sich wie die Weiden im Wind am Ufer der Feistritz, richtet sich jedoch immer wieder auf. Seine Stärke liegt in einer tiefen Verbundenheit zu seiner Heimat, dem Burgenland. (Verlagstext)</marc:subfield>
   </marc:datafield>
   <marc:datafield ind1=" " ind2=" " tag="020">
      <marc:subfield code="a">9783903322127</marc:subfield>
      <marc:subfield code="9">9783903322127</marc:subfield>
   </marc:datafield>
   <marc:datafield ind1=" " ind2=" " tag="041">
      <marc:subfield code="a">ger</marc:subfield>
   </marc:datafield>
   <marc:datafield ind1=" " ind2=" " tag="300">
      <marc:subfield code="b">Ill.</marc:subfield>
   </marc:datafield>
   <marc:datafield ind1="1" ind2=" " tag="521">
      <marc:subfield code="a">0</marc:subfield>
   </marc:datafield>
   <marc:datafield ind1=" " ind2=" " tag="300">
      <marc:subfield code="a">239 S.</marc:subfield>
   </marc:datafield>
</marc:record>
